000 00427nam a2200169Ia 4500
008 230524s9999 xx 000 0 und d
020 _a8188458201
082 _a621.382
_bSHA
100 _aSanjay Sharma
245 0 _aCommunication Systems (Analog and Digital)
250 _a4TH
260 _aNEW DELHI
_bS.K.Kataria
_c2007
300 _aXIVI;964
500 _aQuantity Number: 90
650 _aElectronics
942 _cBK
999 _c36851
_d36851